00655nam a2200241 a 4500001001300000003000900013005001700022008004100039020000800080082001500088100001900103245002900122260004500151300000900196500003500205505001000240650002100250700001900271902000800290942000700298952009300305999001500398nice12345678IN_TiNIC20260116011606.0050524s1964 lona grp 000 0 eng  ac000a181.4bHEI aHeimann, Betty aFacets of Indian Thought aLondonbGeorge Allen and Unwin Ltdc1964 a177p aincludes index and biblioraphy2 aIndex aPhilosophy-Hindu1 aHeimann, Betty bSRS cBK 00104070aHMIbHMId2005-05-24g0.00l0o181.4 HEIp02590r2005-05-24w2026-01-16yEB c2793d2793